| 000 | 00775nam a2200253Ia 4500 | ||
|---|---|---|---|
| 003 | OSt | ||
| 005 | 20220918201318.0 | ||
| 006 | a|||||r|||| 00| 0 | ||
| 007 | ta | ||
| 008 | 220917b |||||||| |||| 00| 0 eng d | ||
| 024 | _a93,048 | ||
| 037 | _cTextual | ||
| 040 |
_aARTS _cARTS _beng |
||
| 041 |
_2eng _aeng |
||
| 082 | _aV2xaN72<-N21, L4 | ||
| 100 |
_aAbidi Sartaj A ed _998076 |
||
| 245 | 0 |
_aFifty years of Indian historical writings _b index to articles in journal of Indian history V 1-50 (1921-72) |
|
| 260 |
_aNew Delhi _bGitanjali Prak _c1974 |
||
| 300 |
_a248p. _ccm. |
||
| 650 | _aHISTORY | ||
| 700 | _a Sharma Suresh K ed | ||
| 942 |
_hV2xaN72<-N21, L4 _cTEXL _2CC |
||
| 999 |
_c216696 _d216696 |
||